=LDR 00000nam 2200000 4500 =001 NUTBA000000000002379 =005 20140613144539.0 =006 =007 =008 =020 ##$$a 978-979-29-3165-5 =035 ##$$a 0010-061400000000322 =040 ##$$a NBPDMAT =082 ##$$a 620.004 2 =090 ##$$a 620.004 2 $b Yon p =100 ##$$a Yon R.Huda =245 ##$$a Panduan muda menggambar komponen mesin dengan autodisk inventor profesional 2011 / $c Yon F.Huda =250 ##$$a Ed.1 =260 ##$$a Yogyakarta $b Andi, $c 2012 =300 ##$$a vi, 138 hlm. : $b ilus. ; $c 21 cm. =650 ##$$a Komponen Mesin - Desain =850 ##$$a NBPDMAT =990 ##$$a 21401227